S&M - Rihanna - All Lyrics - Statistics

General Stats
  • This quiz has been taken 716 times
  • The average score is 436 of 505
Answer Stats
Answer % Correct
I
99%
M-M-M
99%
S-S-S
99%
"Ah-ah-ah"
96%
and
96%
And
96%
(Oh,
95%
oh,
95%
Oh,
95%
(Oh-oh
95%
oh-oh
95%
oh-oh-oh)
95%
the
95%
The
95%
in
94%
it
94%
it,
94%
me
94%
be
93%
good
93%
I'm
93%
but
92%
But
92%
on
92%
on,
92%
Sex
92%
air,
91%
bad
91%
bad,
91%
may
90%
my
90%
bones
89%
come
89%
Come
89%
Love
89%
love
89%
outta
89%
perfectly
89%
at
88%
break
88%
Na-na
88%
na-na,
88%
na-na
88%
Na-na-na,
88%
na-na-na,
88%
(Na-na-na)
88%
of
88%
excite
87%
don't
85%
smell
85%
stones
84%
care,
83%
'cause
82%
'Cause
82%
‘Cause
82%
like
81%
Sticks
81%
chains
79%
whips
77%
so
75%
turn
72%
you
71%
no
70%
being
66%
is
66%
It’s
66%
way
66%
to
65%
back
61%
feeling
59%
There's
59%
Feels
58%
more
58%
turning
57%
what
56%
Out
54%
line
52%
great,
51%
box,
49%
body
47%
exactly
47%
fine
47%
Make
46%
wanting
46%
for
45%
bring
44%
I've
43%
Give
42%
say,
42%
been
41%
nothing
41%
pain
39%
pleasure
38%
strong
38%
leaves
36%
measure
35%
meet
35%
could
33%
Now
27%
yearning
27%
boudoir
21%
affliction
20%
No matching quizzes found
Score Distribution
Percent of People with Each Score
Percentile by Number Answered
Your Score History
You have not taken this quiz